Ulusal Denizcilik Şurası / (Record no. 78228)
[ view plain ]
| 000 -LEADER | |
|---|---|
| fixed length control field | 00897 a2200277 4500 |
| 001 - CONTROL NUMBER | |
| control field | 78228 |
| 003 - CONTROL NUMBER IDENTIFIER | |
| control field | TR-AnTOB |
| 005 - DATE AND TIME OF LATEST TRANSACTION | |
| control field | 20240918153625.0 |
| 008 - FIXED-LENGTH DATA ELEMENTS--GENERAL INFORMATION | |
| fixed length control field | 110908s2000 tu 000 0 |
| 020 ## - INTERNATIONAL STANDARD BOOK NUMBER | |
| International Standard Book Number | 9751927153 |
| 040 ## - CATALOGING SOURCE | |
| Original cataloging agency | TR-AnTOB |
| Language of cataloging | eng |
| Transcribing agency | TR-AnTOB |
| Description conventions | rda |
| 041 0# - LANGUAGE CODE | |
| Language code of text/sound track or separate title | Türkçe |
| 050 10 - LIBRARY OF CONGRESS CALL NUMBER | |
| Classification number | VM159 |
| Item number | .D46 2000 |
| 090 ## - LOCALLY ASSIGNED LC-TYPE CALL NUMBER (OCLC); LOCAL CALL NUMBER (RLIN) | |
| Classification number (OCLC) (R) ; Classification number, CALL (RLIN) (NR) | VM159 .D46 2000 |
| 111 ## - MAIN ENTRY--MEETING NAME | |
| 9 (RLIN) | 64032 |
| Meeting name or jurisdiction name as entry element | Ulusal Denizcilik Şurası |
| Number of part/section/meeting | (2. : |
| Date of meeting | 2000 : |
| Location of meeting | Ankara) |
| 245 00 - TITLE STATEMENT | |
| Title | Ulusal Denizcilik Şurası / |
| Statement of responsibility, etc. | T.C.Başbakanlık Denizcilik Müsteşarlığı. |
| 246 03 - VARYING FORM OF TITLE | |
| Title proper/short title | Yeni Binyılda Denizciligimiz ve İkinci Ulusal Denizcilik Şurası Sonuçları |
| 264 #1 - PRODUCTION, PUBLICATION, DISTRIBUTION, MANUFACTURE, AND COPYRIGHT NOTICE | |
| Place of production, publication, distribution, manufacture | Ankara : |
| Name of producer, publisher, distributor, manufacturer | T.C Başbakanlık Denizcilik Müsteşarlıgı , |
| Date of production, publication, distribution, manufacture, or copyright notice | 2000. |
| 300 ## - PHYSICAL DESCRIPTION | |
| Extent | 295 p. : |
| Other physical details | ill. ; |
| Dimensions | 28 cm. |
| 650 07 - SUBJECT ADDED ENTRY--TOPICAL TERM | |
| Topical term or geographic name entry element | Navigasyon |
| Geographic subdivision | Türkiye |
| Form subdivision | Kongreler |
| Source of heading or term | etuturkob |
| 9 (RLIN) | 18160 |
| 902 ## - LOCAL DATA ELEMENT B, LDB (RLIN) | |
| a | 32892 |
| 903 ## - LOCAL DATA ELEMENT C, LDC (RLIN) | |
| a | Merkez Kütüphane |
| 942 ## - ADDED ENTRY ELEMENTS (KOHA) | |
| Koha item type | Book |
| Source of classification or shelving scheme | Library of Congress Classification |
| 945 ## - LOCAL PROCESSING INFORMATION (OCLC) | |
| a | go |
| Withdrawn status | Lost status | Source of classification or shelving scheme | Not for loan | Collection code | Home library | Current library | Shelving location | Date acquired | Source of acquisition | Cost, normal purchase price | Serial Enumeration / chronology | Total Checkouts | Total Holds | Full call number | Barcode | Copy number | Cost, replacement price | Date shelved | Koha item type |
|---|---|---|---|---|---|---|---|---|---|---|---|---|---|---|---|---|---|---|---|
| Ödünç Verilebilir / Available | Genel Koleksiyon | Merkez Kütüphane | Merkez Kütüphane | Genel Koleksiyon / Main Collection | 08/09/2011 | Bağış / Donation | 0.00 | 1 | VM159 .D46 2000 | 0032892 | 1 | 0.01 | Book |
